Vývoj průchodní funkce Moravské brány

Bibliographic Details
Main Author: Krejčí, Jan (Author)
Format: Book
Language:Undetermined
PhysicalDescription:70 s.
Published: V Brně Univerzita J. E. Purkyně 1971
Edition:1. vyd.

MARC

LEADER 00000nam a2200000 a 4500
001 vtls001452539
003 SK-MaSNL
005 20260302002306.0
008 240318s1971 xx 0 und
035 |a SNK000407846 
040 |a SNK  |b slo  |c SNK  |e AACR2 
100 1 |a Krejčí, Jan  |4 aut  |9 313121 
245 1 0 |a Vývoj průchodní funkce Moravské brány 
250 |a 1. vyd. 
260 |a V Brně  |b Univerzita J. E. Purkyně  |c 1971 
300 |a 70 s. 
958 |a OND 
999 |c 987403  |d 989333 
952 |a SNK  |b SNK  |y NEVYP  |7 0  |p 17A0381343  |o snkIC 50130 D1  |i snkKIP 8042/71  |0 0  |1 1  |4 0  |d 2003-04-25  |l 0  |r 2005-01-02 00:00:00  |w 2026-02-24